000 02295nam0a2200397 4500
001 RU\NLR\bibl\84842
005 20260405131344.0
021 _aRU
_b1999-52143
_92584
035 _a(NLR Aleph) 000082858
090 _a462047
_c462047
100 _a20000510d1999 |||y0rusy50 ca
101 0 _arus
102 _aRU
105 _ac |||||||||
200 1 _aДостойны высшего признания
_eВыдающиеся представители первого трансп. вуза России в высш. науч. и твор. учреждениях страны
_fГ.А. Глащенков, Л.И. Коренев, Б.Ф. Тарасов, В.И. Ярохно
_gПод ред. проф. В.Е. Павлова
_gМ-во путей сообщ. Рос. Федерации, Петерб. гос. ун-т путей сообщ.
210 _aСПб.
_cПГУПС
_d1999
215 _a118,[1] с.
_cпортр.
_d21
300 _aНа тит.л.: Посвящ. 190-летию Петерб. гос. ун-та путей сообщ.
320 _aБиблиогр.: с. 104 и в подстроч. прим.
320 _aИмен. указ.: с. 118
601 0 2 _aЛенинградский институт инженеров путей сообщения
_2psbo
_7ca
601 0 2 _aПетербургский государственный университет путей сообщения
_xПрофессора и преподаватели
_xИстория
_92166135
_3RU\NLR\auth\661303323
686 _aЧ488.759.1
701 1 _aГлащенков
_bГ. А.
_gГеоргий Александрович
_4070
701 1 _aКоренев
_bЛ. И.
_gЛеонид Иванович
_4070
701 1 _4070
_8rus
_7ca
_aТарасов
_bБ. Ф.
_cд-р техн. наук
_gБорис Федорович
_3RU\NLR\AUTH\7743391
_926334
701 1 _aЯрохно
_bВ. И.
_f1934-2011
_gВасилий Иванович
_4070
702 1 _4340
_8rus
_7ca
_aПавлов
_bВ. Е.
_cд-р техн. наук
_f1931-
_gВладимир Егорович
_3RU\NLR\AUTH\7752370
_935303
801 0 _aRU
_bNLR
_c20000510
_gPSBO
801 1 _aRU
_bNLR
_c20000510
830 _aАвт. по кн.
852 _aNLR
_jС К-2/8200
942 _cBOOK
980 _aNB